000 01752cam a2200313 a 4500
003 OSt
005 20211007132646.0
008 011012s2001 ck ad r 000 0 spa d
020 _a9586823180
040 _aCO-BoPUJ
_cCO-JMCR
041 0 _aspa
082 0 4 _a338.17373 /
_bP695C
_223
100 1 _aPizano Salazar, Diego,
_eautor
_92415
245 1 3 _aEl café en la encrucijada :
_bevolución y perspectivas /
_cDiego Pizano
250 _aPrimera edición
260 _aBogotá :
_bAlfaomega,
_c2001.
300 _axiii, 80 páginas
_bilustraciones, graficas en blanco y negro ;
_c21 cm.
490 0 _aLibros de cambio
504 _aIncluye referencias bibliográficas.
505 _aEl café y el desarrollo económico de Colombia. -- Instituciones e instrumentos de la política cafetera colombiana. -- Pioneros, empresarios y dirigentes del sector. -- Evolución reciente del fondo nacional del café. -- Comportamiento reciente de la economía cafetera internacional.
520 0 _aEn los últimos 500 años, el café se ha transformado de monopolio árabe en producto europeo colonial, en motor del desarrollo de numerosos países de Asia, África y América Latina, en un negocio multinacional y en el segundo producto básico de mayor importancia en el comercio internacional, después del petróleo.
610 2 4 _aFederación Nacional de Cafeteros de Colombia
_936376
610 2 4 _aFondo Nacional del Café
_941019
650 2 4 _aIndustria del café
_zColombia
_ySiglo XX
_941020
650 2 4 _aDesarrollo económico
_xCafé
_zColombia
_941021
650 2 4 _aFondo Nacional del Café
_zColombia
_941022
942 _2ddc
_cBK
999 _c12667
_d12667